LEADER 01293nam0 2200277 450 001 000044852 005 20180710152004.0 100 $a20180710d--------km-y0itaa50------ba 101 0 $aeng 102 $aita 200 1 $aElastin and elastic tissue$e[proceedings of an International Conference Maratea (Italy) 17-20 october 1996$fedited by A. M. Tamburro 210 $a[Potenza]$cUniversitą degli Studi della Basilicata 215 $a152 p.$cill.$d25 cm. 606 1 $aElastina$xCongressi 676 $a611.0182$v(22. ed.)$9Citologia e istologia. Tessuto connettivo 702 1$aTamburro,$bAntonio Mario 710 12$aInternational Conference on Elastin and Elastic Tissue$f<1996$e; Maratea>$0758830 801 0$aIT$bUniversitą della Basilicata - B.I.A.$gREICAT$2unimarc 912 $a000044852 996 $aElastin and elastic tissue$91533043 997 $aUNIBAS CAT $aTTM$b30$c20180710$lBAS01$h1320 CAT $aTTM$b30$c20180710$lBAS01$h1520 FMT Z30 -1$lBAS01$LBAS01$mBOOK$1BASA2$APolo Tecnico-Scientifico$2GEN$BCollezione generale$3PTS.d1.CGT.116068$6116068$5T116068$820180710$f02$FPrestabile Generale Z30 -1$lBAS01$LBAS01$mBOOK$1BASA2$APolo Tecnico-Scientifico$2GEN$BCollezione generale$3PTS.d1.CGT.116069$6116069$5T116069$820180710$f02$FPrestabile Generale LEADER 00990nam0 22002531i 450 001 RML0239312 005 20231121125706.0 100 $a20121121d1997 ||||0itac50 ba 101 | $aita 102 $ait 181 1$6z01$ai $bxxxe 182 1$6z01$an 200 1 $a˜Gli œindicatori di gestione in banca$emanuale ABI per l'analisi delle performance attraverso il BASTRA2$fABI 210 $aRoma $cBancaria editrice $dc1997 215 $a338 p.$cfig., tab., graf.$d30 cm 710 02$aABI$3RMLV146363$0371734 801 3$aIT$bIT-01$c20121121 850 $aIT-FR0098 899 $aBiblioteca Area Giuridico Economica$bFR0098 912 $aRML0239312 950 0$aBiblioteca Area Giuridico Economica$d 53IMP 30 106$e 53VM 0000082675 VMB A4 barcode:ECO003792. - Inventario:4478. - Fondo:Sala consultazioneVM$fA $h19980507$i20121204 977 $a 53 996 $aIndicatori di gestione in banca$93620586 997 $aUNICAS